Countries With 'G' Quiz Stats

 Plays Quiz Updated Dec 16, 2018

Support Sporcle.
Go Orange.
Score 0/45 Timer 05:00
11 Plays Today
Country % Correct
Germany
89.3%
Guinea
81.6%
Greece
79.2%
Ghana
79.2%
Guatemala
77.6%
Argentina
77%
Guyana
76.4%
Algeria
73%
Uruguay
72%
Paraguay
72%
Guinea-Bissau
71.3%
Afghanistan
70.8%
Egypt
70.3%
Gabon
67.6%
Angola
67.6%
Grenada
66.7%
The Gambia
66.5%
United Kingdom
66.3%
Georgia
65.6%
Portugal
65%
Niger
64.1%
Belgium
63.6%
Nigeria
63.6%
Country % Correct
Papua New Guinea
63.2%
Democratic Republic of the Congo
63.2%
Equatorial Guinea
63%
Hungary
63%
Mongolia
61.5%
Bulgaria
61.1%
Madagascar
60.5%
Republic of the Congo
58.8%
Antigua & Barbuda
57.4%
Uganda
57.3%
Nicaragua
57.1%
Togo
56.2%
Luxembourg
55.7%
Bangladesh
55.5%
Bosnia and Herzegovina
53.7%
Kyrgyzstan
53.5%
Tonga
50.4%
Trinidad and Tobago
49.2%
Saint Vincent and the Grenadines
48.6%
Senegal
48.5%
Montenegro
45.5%
Singapore
44.6%

From the Vault

Prove You Aren't a Robot - 'A' Countries of Europe

by t_rev19

For those of you who enjoy doing captchas.
Remove Ads.
Support Sporcle.
Get the best of Sporcle when you Go Orange. This ad-free experience offers more features, more stats, and more fun while also helping to support Sporcle. Thank you for becoming a member.

Show Comments

Extras

Top Quizzes Today


Score Distribution

Your Account Isn't Verified!

In order to create a playlist on Sporcle, you need to verify the email address you used during registration. Go to your Sporcle Settings to finish the process.

Report this User

Report this user for behavior that violates our Community Guidelines.

Details: